000 00433nam a22001697a 4500
005 20180226120916.0
008 160503b xxu||||| |||| 00| 0 eng d
020 _a81-7866892-0
041 _aeng
082 _b1135
_a330.112
100 _aVasudevan A.
_9297
245 _aCentral Banking for emerging market economics
260 _aNew Delhi
_bAcademic Faundation
_c2003
300 _a269
650 _aManagement
_9241
942 _cBK
999 _c443
_d443